000 00901nam a2200265 i 4500
001 bg
245 0 0 _aSterowanie robotami i manipulatorami przemysłowymi :
_bmodele i metody matematyczne : praca zbiorowa /
_cpod red. Władysława Hejmo ; Politechnika Krakowska im. Tadeusza Kościuszki.
260 _aKraków :
_bPK,
_c1997.
300 _a253 s. :
_brys., wykr. ;
_c24 cm.
490 1 _aInformatyka Stosowana
504 _aBibliogr. s. 252-253.
650 9 _aSterowanie
_xteoria
650 9 _aAutomaty
_xstosowanie
_xprzemysł
650 9 _aAutomaty
_xteoria
_xmatematyka
655 _aPodręczniki akademickie
700 1 _aHejmo, Władysław
_d(1929- ).
_eRed.
830 _aInformatyka Stosowana
020 _a8390387867
040 _cBPK
041 0 _apl
080 _a62-52:681.5:519.71](075.8)
920 _a83-903878-6-7
942 _cKS
008 s pl f |000 0 pol
999 _c31583
_d31583
856 _uhttp://koha.tu.koszalin.pl/cgi-bin/koha/opac-detail.pl?biblionumber=31583
_yKatalog online BPK